| 000 | 00525nam a22001697a 4500 | ||
|---|---|---|---|
| 003 | OSt | ||
| 005 | 20251023034532.0 | ||
| 008 | 251023b |||||||| |||| 00| 0 eng d | ||
| 020 | _a978-147-675-316-4 | ||
| 040 |
_aDWCL- Main Lib _cOC |
||
| 082 | _aFic. H776m 2014 | ||
| 100 | _aHoover, Colleen | ||
| 245 |
_aMaybe someday : _bA novel / _cColleen Hoover |
||
| 260 |
_aNew York : _bAtria Paperback, A division of Simon & Schuster, _cc2014. |
||
| 300 |
_a370 pages ; _billustrations : _c21 cm. |
||
| 942 |
_2ddc _cFIC. _mFic. _n0 |
||
| 999 |
_c5045 _d5045 |
||